000 00406nam a2200169Ia 4500
003 Ost
005 20260225132600.0
008 260225s9999||||xx |||||||||||||| ||und||
020 _a9782804170684
040 _cfsic
041 _afre
082 _a70.4
100 _aDEGAND،AMANDE
_eAuteur
245 0 _aJournalisme en ligne :
245 0 _bpratique et recherches /
_cDEGAND،AMANDE
942 _cكتاب
999 _c34719
_d34719